| 000 | 00472nam a2200181Ia 4500 | ||
|---|---|---|---|
| 001 | 72276 | ||
| 008 | 160401s9999 xx 000 0 und d | ||
| 020 | _a9780770437345 | ||
| 040 | _cPK-LaUMT | ||
| 082 |
_a 294.3 _bMIP-S |
||
| 100 | _aMipham, Sakyong | ||
| 245 | 4 |
_aThe shambhala principle _bdiscovering humanity's hidden treasure _cMipham, Sakyong |
|
| 260 |
_aNew York,USA: _bHarmony, _c2013 |
||
| 300 | _a206 p. | ||
| 546 | _aEN | ||
| 650 | _aBuddhism | ||
| 942 | _cBK | ||
| 999 |
_c85256 _d85256 |
||